书目信息 |
| 题名: |
有机结构理论
|
|
| 作者: | 杨善中 编 | |
| 分册: | ||
| 出版信息: | 合肥 合肥工业大学出版社 2003.01 |
|
| 页数: | 239页 | |
| 开本: | 26cm | |
| 丛书名: | ||
| 单 册: | ||
| 中图分类: | O621.13 | |
| 科图分类: | ||
| 主题词: | 有机结构化学--高等学校--教材 | |
| 电子资源: | ||
| ISBN: | 7-81093-010-9 | |
| 000 | 00856nam0 2200241 450 | |
| 001 | 0100900027 | |
| 005 | 20050925114436.45 | |
| 010 | @a7-81093-010-9@dCNY25.00 | |
| 100 | @a20030511d2003 em y0chiy0120 ea | |
| 101 | 0 | @achi |
| 102 | @aCN@b340000 | |
| 105 | @aa a 000yy | |
| 200 | 1 | @a有机结构理论@AYou Ji Jie Gou Li Lun@f杨善中编@FYang Shan Zhong Bian |
| 210 | @a合肥@c合肥工业大学出版社@d2003.01 | |
| 215 | @a239页@c图@d26cm | |
| 320 | @a有书目 (第238-239页)。 | |
| 330 | @a本书共分六章,内容涉及芳香性及其理论、立体化学、有机化学中的取代革效应、周环反应、有机反应中的活泼中间体和生排反应。书中选编了大量的例题和习题,并附有详细的参考答案。 | |
| 333 | @a高等学校教材。 | |
| 606 | 0 | @a有机结构化学@x高等学校@j教材 |
| 690 | @aO621.13@v4 | |
| 701 | 0 | @a杨善中@AYang Shan Zhong@4编 |
| 801 | 0 | @aCN@bQSSK@c20050925 |
| 905 | @a10447@dO621.13@eY269 | |
| 有机结构理论/杨善中编.-合肥:合肥工业大学出版社,2003.01 |
| 239页:图;26cm |
| 使用对象:高等学校教材。 |
| ISBN 7-81093-010-9:CNY25.00 |
| 本书共分六章,内容涉及芳香性及其理论、立体化学、有机化学中的取代革效应、周环反应、有机反应中的活泼中间体和生排反应。书中选编了大量的例题和习题,并附有详细的参考答案。 |
| ● |
| 相关链接 |
|
|
|
正题名:有机结构理论
索取号:O621.13/Y269
 
预约/预借
| 序号 | 登录号 | 条形码 | 馆藏地/架位号 | 状态 | 备注 |
| 1 | 572526 | 205725269 | 自科库401/401自科库 63排4列1层/ [索取号:O621.13/Y269] | 在馆 | |
| 2 | 572527 | 205725278 | 自科库401/401自科库 63排4列1层/ [索取号:O621.13/Y269] | 在馆 | |
| 3 | 572528 | 205725287 | 自科库401/401自科库 63排4列1层/ [索取号:O621.13/Y269] | 在馆 |